000 00350nam a2200133Ia 4500
008 151001s9999||||xx |||||||||||||| ||und||
100 _aविभा गुप्ता
245 _aभारत कि सन्नारिया
250 _a1
260 _bजान्हवी
260 _c2005
300 _a160
365 _b21
999 _c985851
_d985848